Many Lives Many Masters: The True Story of a Prominent Psychiatrist (Record no. 43143)
[ view plain ]
| 000 -LEADER | |
|---|---|
| fixed length control field | 00524nam a22001817a 4500 |
| 005 - DATE AND TIME OF LATEST TRANSACTION | |
| control field | 20241113155107.0 |
| 008 - FIXED-LENGTH DATA ELEMENTS--GENERAL INFORMATION | |
| fixed length control field | 241113b |||||||| |||| 00| 0 eng d |
| 020 ## - INTERNATIONAL STANDARD BOOK NUMBER | |
| International Standard Book Number | 9780749913786 |
| 041 ## - LANGUAGE CODE | |
| Language code of text/sound track or separate title | Eng |
| 082 ## - DEWEY DECIMAL CLASSIFICATION NUMBER | |
| Classification number | 133.901 WEI |
| 100 ## - MAIN ENTRY--PERSONAL NAME | |
| Author | Weiss, Brian |
| 245 ## - TITLE STATEMENT | |
| Title | Many Lives Many Masters: The True Story of a Prominent Psychiatrist |
| 260 ## - PUBLICATION, DISTRIBUTION, ETC. | |
| Place | New York |
| Publisher | Simon & Schuster |
| Publication Year | 2020 |
| 300 ## - PHYSICAL DESCRIPTION | |
| Extent | 210;. P. 21 Cm |
| 365 ## - TRADE PRICE | |
| Price type code | RS |
| Price amount | 279 |
| Currency code | Rupees |
| 650 ## - SUBJECT ADDED ENTRY--TOPICAL TERM | |
| Subject | Catherine; Reincarnation; Reincarnation Therapy |
| 942 ## - ADDED ENTRY ELEMENTS (KOHA) | |
| Koha item type | Books |
| Withdrawn status | Lost status | Source of classification or shelving scheme | Damaged status | Not for loan | Home library | Current library | Shelving location | Accession Date | Vendor | Price | Bill number | Total Checkouts | Full call number | Barcode No | Date last seen | Date last checked out | Bill Date | Koha item type |
|---|---|---|---|---|---|---|---|---|---|---|---|---|---|---|---|---|---|---|
| Dewey Decimal Classification | IMTN | IMTN | Rack 2-B | 11/13/2024 | Amazon.in | 279.00 | BLR8-5176465 | 1 | 133.901 WEI | 33572 | 12/09/2024 | 12/01/2024 | 09/15/2024 | Books |